000 00515nam a22001817a 4500
005 20251108164018.0
008 250721s1978 xx 000 0 ara d
082 1 4 _a320.4/شكر
100 1 _aشكري، غالي
245 1 0 _aيوم طويل في حياة قصيرة /
264 1 _aبيروت :
_bدار الآفاق الجديدة،
_c1978.
300 _a247ص
650 1 7 _aالعلوم السياسية
650 1 7 _aالمقالات
650 1 7 _aالمحاضرات
942 _2ddc
_cBK
999 _c1408
_d1408